| 000 | 00403nam a22001457a 4500 | ||
|---|---|---|---|
| 020 | _a978-93-5009-305-4 | ||
| 082 |
_a920 _bGAN/M |
||
| 100 | _aGANERI, ANITA | ||
| 245 |
_aMAHATMA GANDHI _bFATHER OF THE NATION |
||
| 260 |
_aGURGAON _bHACHETTE INDIA _c2014 |
||
| 300 | _a36 | ||
| 520 | _aTHE FULLY ILLUSTRATED LIFE STORIES OF THE WORLD'S MOST INSPIRING PEOPLE! | ||
| 650 |
_aBIOGRAPHY _zINDIA |
||
| 942 | _cBK | ||
| 999 |
_c5827 _d5827 |
||